Vplyv veľkej športovej udalosti na región bakalárska práca

Gespeichert in:
Bibliographische Detailangaben
1. Verfasser: Pavlovová, Nikoleta
Körperschaft: Národohospodárska fakulta EU. Katedra verejnej správy a regionálneho rozvoja
Weitere Verfasser: Chovanec, Martin
Format: Buch
Sprache:Slowakisch
Veröffentlicht: Bratislava 2011
Tags: Tag hinzufügen
Keine Tags, Fügen Sie das erste Tag hinzu!

MARC

LEADER 00000nbm a2200000 4500
001 0139732
005 20161109111642.2
041 0 |a slo 
044 |a SK 
245 1 0 |a Vplyv veľkej športovej udalosti na región  |b bakalárska práca  |c Nikoleta Pavlovová ; školiteľ: Martin Chovanec 
264 1 |a Bratislava  |c 2011 
300 |a 54 s. 
100 1 |a Pavlovová, Nikoleta 
700 1 |a Chovanec, Martin 
710 2 |a Národohospodárska fakulta EU. Katedra verejnej správy a regionálneho rozvoja